000 00755nam a22001337a 4500
040 _cRUA
082 _aFOR ROS 2010 B138 Or.1
100 _aROS, THAROTH.
245 _aBee keeping min nature at torp cheang community forestry in dong peng communce, sre ambel district, koh kong province, ការចិញ្ចឹមឃ្មុំជាលក្ខណៈធម្មជាតិនៅក្នុងសហគមន៏ព្រៃឈើ ភ្នំទ័ពជាង ឃុំដងពែង ស្រុកស្រែអំពិល ខេត្តកោះកុង
260 _aPhnom Penh
_bRUA
_c2010
300 _ax; 43p.
_bill.
_c29cm.
856 _uhttps://drive.google.com/file/d/1wax1wW6tE4kWR2NzLUpRxWxPDr1juCZE/view?usp=sharing
942 _cFOR
999 _c3377
_d3377